| 000 | 00544nam a2200181Ia 4500 | ||
|---|---|---|---|
| 008 | 240729s9999 xx 000 0 und d | ||
| 022 | _a2475-0379 | ||
| 245 | 0 | _aResearch and Practice in Thrombosis and Haemostasis | |
| 260 | _aUnited States | ||
| 260 | _bElsevier | ||
| 650 | _a Diseases of the blood and blood-forming organs | ||
| 650 | _a Internal medicine | ||
| 650 | _a Specialties of internal medicine | ||
| 650 | _aMedicine | ||
| 856 | _uhttps://doaj.org/toc/6d3533dcb15940dbbaa26ab082279725 | ||
| 942 | _2ddc | ||
| 942 | _cDOAJEJ | ||
| 999 |
_c68940 _d68940 |
||
| 945 |
_a1 _bMadushi Gamage _c1 _dMadushi Gamage |
||